<?xml version="1.0" encoding="UTF-8"?>
<record
    xmlns:xsi="http://www.w3.org/2001/XMLSchema-instance"
    xsi:schemaLocation="http://www.loc.gov/MARC21/slim http://www.loc.gov/standards/marcxml/schema/MARC21slim.xsd"
    xmlns="http://www.loc.gov/MARC21/slim">

  <leader>00633nam a2200181Ia 4500</leader>
  <controlfield tag="008">180921t1971    xxu||||| |||| 00| 0 sin d</controlfield>
  <datafield tag="041" ind1=" " ind2=" ">
    <subfield code="a">sin</subfield>
  </datafield>
  <datafield tag="080" ind1=" " ind2=" ">
    <subfield code="a">618.2</subfield>
    <subfield code="b">SAM</subfield>
  </datafield>
  <datafield tag="100" ind1=" " ind2=" ">
    <subfield code="a">Samarajeeva, Kaviraraj</subfield>
  </datafield>
  <datafield tag="245" ind1=" " ind2=" ">
    <subfield code="a">&#xD8B;&#xDAD;&#xDCA;&#xDB4;&#xDAD;&#xDCA;&#xDAD;&#xDD2; &#xDB4;&#xDCF;&#xDBD;&#xDB1; &#xDC3;&#xDC4;&#xDD2;&#xDAD; &#xDC3;&#xDCA;&#xDAD;&#xDCA;&#x200D;&#xDBB;&#xDD3; &#xDBB;&#xDDD;&#xD9C; &#xDBD;&#xD9A;&#xDCA;&#x200D;&#xDC2;&#xDAB; &#xDC4;&#xDCF; &#xDB4;&#xDCA;&#x200D;&#xDBB;&#xDAD;&#xDD2;&#xD9A;&#xDCF;&#xDBB;</subfield>
  </datafield>
  <datafield tag="246" ind1=" " ind2=" ">
    <subfield code="a">Uthpaththi paalanaya sahitha sthri roga lakshana haa prathikaara</subfield>
  </datafield>
  <datafield tag="260" ind1=" " ind2=" ">
    <subfield code="b">M.D. Gunasena </subfield>
    <subfield code="a">Colombo</subfield>
    <subfield code="c">1971</subfield>
  </datafield>
  <datafield tag="300" ind1=" " ind2=" ">
    <subfield code="a">296p.,  18 cm</subfield>
  </datafield>
  <datafield tag="650" ind1=" " ind2=" ">
    <subfield code="a">Family planning </subfield>
    <subfield code="a">Pregnancy</subfield>
  </datafield>
  <datafield tag="942" ind1=" " ind2=" ">
    <subfield code="c">BK</subfield>
  </datafield>
  <datafield tag="952" ind1=" " ind2=" ">
    <subfield code="0">0</subfield>
    <subfield code="1">0</subfield>
    <subfield code="4">0</subfield>
    <subfield code="7">0</subfield>
    <subfield code="8">SCI</subfield>
    <subfield code="a">MAIN</subfield>
    <subfield code="b">MAIN</subfield>
    <subfield code="d">2023-06-11</subfield>
    <subfield code="o">618.2 SAM</subfield>
    <subfield code="p">110895</subfield>
    <subfield code="r">2023-06-11</subfield>
    <subfield code="w">2023-06-11</subfield>
    <subfield code="y">BK</subfield>
  </datafield>
  <datafield tag="999" ind1=" " ind2=" ">
    <subfield code="c">15401</subfield>
    <subfield code="d">15401</subfield>
  </datafield>
  <controlfield tag="003">LK-CoDNM</controlfield>
  <datafield tag="040" ind1=" " ind2=" ">
    <subfield code="a">LK-CoDNM</subfield>
    <subfield code="d">LK-CoDNM</subfield>
    <subfield code="e">LK-CoDNM</subfield>
  </datafield>
</record>
